| 000 | 01091nam a22002657a 4500 | ||
|---|---|---|---|
| 005 | 20101206113148.0 | ||
| 008 | 101206t xxu||||| |||| 00| 0 hin d | ||
| 010 | _aHIN-91404 | ||
| 020 |
_c300.00 _a9789350004906 |
||
| 035 | _aHN-63750 | ||
| 037 | _bDBAD/PUB | ||
| 040 |
_aDPL _bHN |
||
| 082 | _a821 | ||
| 100 |
_924598 _aशर्मा, विष्णुचन्द्र |
||
| 245 |
_aत्रिलोचन का कवि कर्म / _cविष्णुचन्द्र शर्मा |
||
| 246 |
_aTrilochan ka kavi karm _bby Vishnuchandra Sharma |
||
| 260 |
_aनई दिल्ली _bवाणी प्रकाशन _c2010 |
||
| 270 |
_bनई दिल्ली _a4695, 21-ए, दरियागंज _e110002 |
||
| 300 |
_a162पृ. _c22सेमी (सजिल्द) |
||
| 650 | _91169 | ||
| 700 | _924599 | ||
| 700 | _924924 | ||
| 942 |
_2ddc _cHN _mशर्मावि |
||
| 999 |
_c49567 _d49567 |
||